000 00725cam a2200241 i 4500
001 375303
003 NUST
005 20220705144536.0
008 780606s1978 nyu 000 1 eng
010 _a 78016708
020 _a0399123024 :
_c$9.95
040 _aDLC
_cDLC
_dDLC
_dOCoLC
_dDLC
050 0 0 _aPR6015.I3
_bL66 1978b
082 0 0 _a823.914
_bCAR
100 1 _aCarr, Philippa,
_d1906-1993.
_98220
245 1 4 _aThe love child /
_cby Philippa Carr [i.e. E. Hibbert].
260 _aNew York :
_bPutnam,
_cc1978.
300 _a371 p. ;
_c22 cm.
655 7 _aRomantic suspense fiction.
_2gsafd
_95598
655 7 _aHistorical fiction.
_2gsafd
906 _a7
_bcbc
_corignew
_d1
_eocip
_f19
_gy-gencatlg
942 _2ddc
_cBK
999 _c590276
_d590276